000 02767nam a2200229Ia 4500
003 Ost
005 20260507075027.0
008 260507s9999||||xx |||||||||||||| ||und||
040 _cfsecg
041 _aara
082 _a657.837
100 _aحنان، رضوان حلوة
_eمؤلف
245 0 _aمحاسبة المؤسسات الفندقية :
_bمحاسبة الفنادق، محاسبة المطاعم، التحليل المالي والإحصائي /
_c رضوان حلوة حنان
260 _aعمان:
_bالدار العلمية الدولية للنشر والتوزيع,
_c2001
300 _a361 صفحة؛
_bإيضاحات ؛
_c24 سم
490 _aالكتب المحاسبية
_v11
520 _aمحاسبة الفنادق ومحاسبة المطاعم: النشاط الفندقي و خصائصه، التنظيم المحاسبي و التنظيم الاداري، دليل الحسابات- الاطار العام للنظام الامريكي لحسابات الفنادق، قائمة المركز المالي- حسابات الاصول و الالتزامات و حقوق الملكية ، اساسيات محاسبة الايرادات ، محاسبة الايرادات و دورتها '' المستندية - المحاسبية - ايرادات قسم الغرف، قائمة دخل قسم الغرف، محاسبة الايرادات و دورتها المستندية - ايرادات قسم الاغذية و المشروبات، محاسبة تكلفة قسم الاغذية و المشروبات، قائمة دخل قسم الاغذية و المشروعات، الاقسام الايرادية الاخرى، الرقابة على الايرادات في الاقسام الايرادية و مراجعتها، أقسام محاسبية أساسية ، محاسبة الرواتب و الاجور، السجلات و الدفاتر المحاسبية، السجلات و الدفاتر المحاسبية الفندقية وفق الطريقة الانجليزية ، دفتر الاستاذ العام و دفاتر الاستاذ المساعدة، أمثلة شاملة لمحاسبة المطاعم وفق النظام الامريكي لمحاسبة الفنادق و المطاعم مع تطبيقات للحل ، مثال شامل متكامل لاعداد القوائم المالية في النشاط الفندقي الكبير الحجم، تطبيقات للحل حول النشاط الفندقي الكبير الحجم/- التحليل المالي والاحصائي: التحليل المالي، النسب الاحصائية الفندقية .
653 _aالتحليل المالي
653 _aالفنادق-محاسبة
653 _aالمحاسبة التحليلية
942 _cكتاب
999 _c42349
_d42349